000 00502nam a22001937a 4500
003 LK-CoDNM
005 20250107111543.0
008 250102b |||||||| |||| 00| 0 eng d
040 _aLK-CoDNM
_dLK-CoDNM
_eLK-CoDNM
041 _aeng
080 _a4
_bK9
100 _aBrough, James
245 _aThe Triassic fishes of Besano, Lombardy
260 _bThe trustees of the British museum
_aLondon
_c1939
300 _bix, 117p. : ill ; 26 cm
650 _aScience
650 _a1939
942 _cBK
999 _c235228
_d235228